Movies Quiz

Random Movies or Disney Quiz
Score 0/26 Timer 07:00
9 Plays Today
Name a Disney Princess who(se)... Answer % Correct
is awakened by a kissSnow White, Aurora
99.3%
was not born a princessCinderella, Belle, Mulan, Tiana
89.4%
was taken away from her parents as a babyAurora, Rapunzel
79.6%
defeats the villain in combatMulan
78.3%
is AmericanPocahontas, Tiana
77.5%
dances a waltzCinderella, Aurora, Belle
76%
was not born humanAriel
75.9%
is not an only childAriel, Merida
74.7%
has no spoken lines for nearly half the movieAurora, Ariel
74.2%
has no love interestMerida, Moana
73.8%
is shown in her wedding dressCinderella, Ariel, Tiana
73.6%
is computer animatedRapunzel, Merida, Moana
73.4%
mother is alive at the end of the movieAurora, Mulan, Tiana, Rapunzel, Merida, Moana
72%
Name a Disney Princess who(se)... Answer % Correct
sings a song with the word 'dream' in the titleCinderella, Aurora, Rapunzel
71.8%
love interest dies then comes back to life by magicBelle, Rapunzel
71.6%
hair changes colorRapunzel
71.1%
has magical powersRapunzel
67.9%
is transformed into an animalTiana
66.3%
sings an Oscar-winning songJasmine, Pocahontas
63.7%
receives advice from a grandmotherPocahontas, Mulan, Moana
63.4%
never speaks to the villainAurora, Pocahontas, Merida
62.9%
has no parents shown on screenSnow White
62.6%
has no ties to royalty but is still an official Disney PrincessMulan
61.9%
does not sing a musical numberMerida
61.6%
kisses the villainJasmine
59.6%
is not the main protagonistJasmine
58.8%
Come Together.
Have Fun.
All Virtual.
We all need to come together. Play Sporcle's virtual live trivia to have fun, connect with people, and get your trivia on. Join a live hosted trivia game for your favorite pub trivia experience done virtually. If a virtual private party is more your thing, go here for details.

You're not logged in!

Compare scores with friends on all Sporcle quizzes.
OR
Log In

Sporcle TV

Today on Sporcle TV


Watch our educational content, quiz creation guides, and fun videos on Sporcle TV.

Show Comments

Extras

Top Quizzes Today


Score Distribution

Paid Content

Your Account Isn't Verified!

In order to create a playlist on Sporcle, you need to verify the email address you used during registration. Go to your Sporcle Settings to finish the process.

Report this User

Report this user for behavior that violates our Community Guidelines.

Details: